The new Oxford picture dictionary / (Record no. 546)

MARC details
000 -LEADER
fixed length control field 01083fam a2200337 a 4500
005 - DATE AND TIME OF LATEST TRANSACTION
control field 20260322212024.0
008 - FIXED-LENGTH DATA ELEMENTS--GENERAL INFORMATION
fixed length control field data
010 ## - LIBRARY OF CONGRESS CONTROL NUMBER
LC control number 90165616
020 ## - INTERNATIONAL STANDARD BOOK NUMBER
International Standard Book Number 0194343588
020 ## - INTERNATIONAL STANDARD BOOK NUMBER
International Standard Book Number 9780194343589
040 ## - CATALOGING SOURCE
Original cataloging agency DLC
Transcribing agency DLC
041 0# - LANGUAGE CODE
Language code of text/sound track or separate title engvie
043 ## - GEOGRAPHIC AREA CODE
Geographic area code n-us---
050 00 - LIBRARY OF CONGRESS CALL NUMBER
Classification number PE1629
Item number .P32 1989
092 ## - LOCALLY ASSIGNED DEWEY CALL NUMBER (OCLC)
Classification number 423.9 Parv 1989
001 - CONTROL NUMBER
control field data
100 1# - MAIN ENTRY--PERSONAL NAME
Personal name Parnwell, E. C.
245 14 - TITLE STATEMENT
Title The new Oxford picture dictionary /
Statement of responsibility, etc. E.C. Parnwell ; translated by Hai Trong Tran ; illustrations by Ray Burns ... [et al.].
250 ## - EDITION STATEMENT
Edition statement English/Vietnamese ed.
260 0# - PUBLICATION, DISTRIBUTION, ETC.
Place of publication, distribution, etc. New York, NY, USA :
Name of publisher, distributor, etc. Oxford University Press,
Date of publication, distribution, etc. 1989.
300 ## - PHYSICAL DESCRIPTION
Extent 142 p. :
Other physical details col. ill. ;
Dimensions 26 cm.
500 ## - GENERAL NOTE
General note English and Vietnamese.
500 ## - GENERAL NOTE
General note Includes indexes.
590 ## - LOCAL NOTE (RLIN)
Local note English and Vietnamese.
590 ## - LOCAL NOTE (RLIN)
Local note Includes indexes.
650 #0 - SUBJECT ADDED ENTRY--TOPICAL TERM
Topical term or geographic name entry element Picture dictionaries, English.
650 #0 - SUBJECT ADDED ENTRY--TOPICAL TERM
Topical term or geographic name entry element English language
Geographic subdivision United States
Form subdivision Dictionaries.
650 #0 - SUBJECT ADDED ENTRY--TOPICAL TERM
Topical term or geographic name entry element English language
Form subdivision Textbooks for foreign speakers
General subdivision Vietnamese.
650 #0 - SUBJECT ADDED ENTRY--TOPICAL TERM
Topical term or geographic name entry element Americanisms
Form subdivision Dictionaries.
700 1# - ADDED ENTRY--PERSONAL NAME
Personal name Burns, Raymond,
Dates associated with a name 1924-
Holdings
Withdrawn status Lost status Damaged status Not for loan Home library Current library Shelving location Date acquired Total checkouts Full call number Barcode Date last seen Price effective from Koha item type
        Pleasant Valley Pleasant Valley General stacks 22/03/2026   PE1629 .P32 1989 BC0010559 22/03/2026 22/03/2026 Books